LEADER 01754nam a2200325 u 4500 001 000000046089 003 CaOOAMICUS 005 20070226114732.0 008 990623s1953 it adh u000 u lat u 035 $a10827808 040 $aPUL(R)$bita$dEFR(R) 041 1 $alat$agrc 245 00$aQuae supersunt actorum graecorum Concilii Florentini :$bnecnon descriptionis cuiusdam eiusdem /$cad fidem manuscriptorum edidit additis versione latina, introductione et indicibus Iosephus Gill, S.I. 260 $aRoma :$bPontificium Institutum orientalium studiorum,$c1953. 300 $a2 v., xci-492 p.-[1] f. de pl. :$bill. en noir et en coul., graph., fac-sim. ;$c28 cm 490 1 $aConcilium Florentinum documenta et scriptores.$aSerie B ;$v5:1-2 500 $aBibliografia a pič pagina. 500 $aTesto a fronte in greco. 505 0 $aPars I. Res Ferrariae gestae. -- Pars II. Res Florentiae gestae. 611 24$aConcilium Florentinum$d(1438-1445).$0(OLS)http://pul/subject/2154 650 0$aCouncils and synods, Ecumenical.$2//eng$0(OLS)http://pul/subject/3494 700 1 $aGill, Joseph,$cS.I.,$d1901-$0(OLS)http://pul/name/8656 830 0$aConcilium Florentinum documenta et scriptores.$nSeries B ;$v5:1-2.$0(OLS)http://pul/title/3537 850 $aPUL 852 $aPUL$W1$xSL Religione 1$y3$m27 B 16.5$j61839$nBK-PRI$qStampati$B61839$CPULBib$Z2$F61839 $82 941 1 $a8 960 $aConcilio di Firenze$d1438-1445$92154 961 $aINV: 16808 e 16809; due parti rilegate insieme 996 $6245$aQuae supersunt actorum graecorum Concilii Florentini :$bnecnon descriptionis cuiusdam eiusdem$9(OLS)http://pul/title/62123 996 $6260$aRoma :$bPontificium Institutum orientalium studiorum$9(OLS)http://pul/publisher/49295 LEADER 01185nam a2200253 a 4500 001 000000144404 003 CaOOAMICUS 005 20150626120227.0 008 150626s1999 it a u000 u ita r 040 $aPUL$bita 100 1 $aMantelli, Sonia.$0(OLS)http://pul/name/92643 245 10$aDalla sala parrocchiale alla sala della comunitā :$bl'ACEC tra memoria e futuro /$cSonia Mantelli. 260 $a[S.l. :$bs.n.],$c[s.d.]$eMilano :$fBiniardi Grafiche,$g1999 300 $a397 p. :$bill. ;$c21 cm 500 $aSul front.: ACEC Associazione Cattolica Eserceti Cinema. 650 4$aCinema$xAspetti morali e religiosi.$0(OLS)http://pul/subject/38876 710 2 $aAssociazione Cattolica Esercenti Cinema (ACEC).$0(OLS)http://pul/name/41884 830 0$aSaggi (Ediesse).$0(OLS)http://pul/title/157744 850 $aPUL 852 $aPUL$W1$xDP1 Fondo S. Lanza$y121$m3 F 83$j166676$qFondi$B167272$CPULBib$Z2$F167272 $HLan660 $82 941 1 $a1 996 $6245$aDalla sala parrocchiale alla sala della comunitā :$bl'ACEC tra memoria e futuro$9(OLS)http://pul/title/182701 996 $6260$a[S.l. :$bs.n.]$9(OLS)http://pul/publisher/81594